00705nam a2200241Ia 450000500170000000800410001702000230005804000190008104100120010008200150011210000170012724500400014426000450018430000100022950400190023963000160025865000260027465100150030085000100031594200070032599900170033295201140034920221028114357.0131103s9999 xx 000 0 und d a8171694780cRs 375 aLoreto College aEnglish a158.3bSHA aSharma, A.S. aCounselling psychologycA.S. Sharma aNew DelhibCommonwealth Publishersc2008 a218p  aIncludes index aCounselling aCounselling Pychology aPsychology aLCLIB cBK c18607d69086 00102ddc4070aMAINbMAINd2013-11-04l1o158.3 SHA 46226pB19267r2016-07-29s2016-07-29w2013-11-04yBKf